[Event "CrunchLab Masters Div 3 L"]
[Site "chess.com INT"]
[Date "2024.07.20"]
[Round "3.3"]
[White "Hakobyan, Aram"]
[Black "Lazavik, Denis"]
[Result "1-0"]
[WhiteTitle "GM"]
[BlackTitle "GM"]
[WhiteElo "2617"]
[BlackElo "2578"]
[WhiteFideId "13306677"]
[BlackFideId "13515110"]
[EventDate "2024.07.19"]
[EventType "k.o."]

1. e4 e5 2. Nf3 Nc6 3. Bb5 Nf6 4. O-O Nxe4 5. d4 Nd6 6. Bg5 Be7 7. Bxe7 Qxe7 8.
Nxe5 Nxe5 9. Re1 O-O 10. Rxe5 Qd8 11. Bd3 Ne8 12. Nc3 d6 13. Re1 Nf6 14. Qf3 c6
15. d5 c5 16. Qf4 a6 17. a4 b6 18. Re3 Bb7 19. Rae1 Rc8 20. Rg3 g6 21. Rh3 Kh8
22. Qh6 Rg8 23. Ne4 Rg7 24. Nxf6 Qxf6 25. c3 Bxd5 26. Bxa6 Ra8 27. Bb5 Be6 28.
Rf3 Qd8 29. h3 d5 30. Qf4 Qb8 31. Qf6 Qd8 32. Qf4 Qb8 33. Qh4 Qd8 34. Qg3 Qb8
35. Qg5 Qd8 36. Qd2 Qc7 37. b4 Rgg8 38. Qg5 Qd8 39. Qe5+ Rg7 40. Rd3 Qb8 41. Qf6
Qd8 42. Qf3 Rc8 43. Red1 Qc7 44. Qf6 Kg8 45. bxc5 bxc5 46. Bc4 g5 47. Bxd5 Rg6
48. Qf3 g4 49. Qe3 gxh3 50. Bxe6 h2+ 51. Kh1 Rxe6 52. Qg5+ Rg6 53. Rd8+ Rxd8 54.
Qxd8+ Qxd8 55. Rxd8+ Kg7 56. Kxh2 Ra6 57. Rc8 Rxa4 58. Rxc5 Kg6 59. Kg3 f6 60.
c4 h5 61. Rc8 Ra3+ 62. Kf4 Ra2 63. Kf3 Rc2 64. c5 Rc3+ 65. Ke2 Rc2+ 66. Ke3 Kf7
67. c6 Ke6 68. g3 Kd6 69. Rd8+ Ke6 70. Rc8 Kd6 71. c7 Rc3+ 72. Ke4 Rc2 73. Rf8
Kxc7 74. Rxf6 Kd7 75. Ke3 Rc5 76. Kd4 Rc2 77. Ke3 Rc5 78. Kf4 Ke7 79. Rf5 Rc2
80. Kg5 Ke6 81. Rf6+ Ke7 82. Rf4 Rc5+ 83. Rf5 Rc2 84. Kxh5 Ke6 85. g4 Rc1 86.
Kg6 Rg1 87. g5 Rg2 88. Rf6+ Ke5 89. f4+ Ke4 90. Kg7 1-0

[Event "CrunchLab Masters Div 3 L"]
[Site "chess.com INT"]
[Date "2024.07.20"]
[Round "3.3"]
[White "Santos Latasa, Jaime"]
[Black "Ivic, Velimir"]
[Result "1-0"]
[WhiteTitle "GM"]
[BlackTitle "GM"]
[WhiteElo "2631"]
[BlackElo "2592"]
[WhiteFideId "2293307"]
[BlackFideId "950122"]
[EventDate "2024.07.19"]
[EventType "k.o."]

1. d4 d5 2. c4 c6 3. Nf3 Nf6 4. e3 Bf5 5. Nc3 e6 6. Nh4 Be4 7. f3 Bg6 8. Bd2 Be7
9. Nxg6 hxg6 10. Qc2 dxc4 11. Bxc4 Nd5 12. Ne2 Bb4 13. O-O-O Bxd2+ 14. Qxd2 Nd7
15. Kb1 O-O 16. e4 N5b6 17. Bb3 a5 18. a3 Qe7 19. h4 Rfd8 20. h5 g5 21. h6 g6
22. Qe3 Kh7 23. e5 Nd5 24. Bxd5 exd5 25. Ng1 Nf8 26. Nh3 Ne6 27. Nf2 c5 28. dxc5
d4 29. Qd2 d3 30. Ne4 Rd4 31. Qe3 Rad8 32. Nd6 b6 33. cxb6 R4xd6 34. exd6 Qxd6
35. Rhe1 Qd5 36. Qe5 Qb3 37. Qc3 Qxc3 38. bxc3 Rd6 39. Ka2 Nc5 40. Re7 Kxh6 41.
Rxf7 g4 42. Rh1+ 1-0

[Event "CrunchLab Masters Div 3 L"]
[Site "chess.com INT"]
[Date "2024.07.20"]
[Round "3.3"]
[White "Sindarov, Javokhir"]
[Black "Makarian, Rudik"]
[Result "1-0"]
[WhiteTitle "GM"]
[BlackTitle "IM"]
[WhiteElo "2674"]
[BlackElo "2525"]
[WhiteFideId "14205483"]
[BlackFideId "44105681"]
[EventDate "2024.07.19"]
[EventType "k.o."]

1. e4 c5 2. Nf3 e6 3. d4 cxd4 4. Nxd4 Nc6 5. Nxc6 bxc6 6. Bd3 d5 7. O-O Nf6 8.
e5 Nd7 9. Re1 Be7 10. Qg4 g6 11. Nd2 Bb7 12. Nf3 c5 13. c4 d4 14. Bh6 Qc7 15.
Be4 a5 16. h4 Bf8 17. Bxf8 Rxf8 18. Ng5 h5 19. Qg3 O-O-O 20. Bxb7+ Kxb7 21. a3
Ra8 22. Rab1 Ra6 23. b4 Ka7 24. bxc5 Nxc5 25. Rb5 a4 26. Qf3 Nb3 27. Ne4 Rd8 28.
Rd1 Rb6 29. Nd6 Rdxd6 30. exd6 Qxd6 31. Qxf7+ Ka6 32. Qxg6 Rxb5 33. cxb5+ Kxb5
34. Qxh5+ Kc4 35. Qg4 e5 36. h5 Kc3 37. Qe2 d3 38. Qxd3+ Qxd3 39. Rxd3+ Kxd3 40.
h6 Kc2 41. h7 Kb2 42. h8=Q Kxa3 43. Qxe5 Ka2 44. g4 a3 45. g5 Kb1 46. g6 a2 47.
g7 1-0

[Event "CrunchLab Masters Div 3 L"]
[Site "chess.com INT"]
[Date "2024.07.21"]
[Round "4.1"]
[White "Bortnyk, Olexandr"]
[Black "Meier, Georg"]
[Result "1-0"]
[WhiteTitle "GM"]
[BlackTitle "GM"]
[WhiteElo "2608"]
[BlackElo "2591"]
[WhiteFideId "14120828"]
[BlackFideId "4675789"]
[EventDate "2024.07.19"]
[EventType "k.o."]

1. d4 d5 2. Nc3 e6 3. Bf4 Bd6 4. e3 Bxf4 5. exf4 Ne7 6. Nf3 b6 7. Bb5+ Bd7 8.
Bd3 c5 9. O-O Nbc6 10. Re1 h6 11. f5 O-O 12. f6 gxf6 13. Nh4 f5 14. Qh5 Kg7 15.
Re3 Ng6 16. Rg3 Ne7 17. Re1 Rg8 18. Nxd5 exd5 19. Rxe7 Qxe7 20. Nxg6 Qe1+ 21.
Bf1 Kh7 22. Ne5 Rxg3 23. hxg3 Be6 24. Nxf7 Qd2 25. Bd3 Kg7 26. Nd6 Qg5 27. Qe2
Qf6 28. Qh5 Qg5 29. Ne8+ Kf8 30. Qxg5 hxg5 31. Nc7 Re8 32. Nxe8 Kxe8 33. c3 cxd4
34. cxd4 Ke7 35. Kf1 Kd6 36. Ke2 Bd7 37. Kd2 Kc7 38. Kc3 Kd6 39. Kb4 a5+ 40. Kc3
b5 41. a3 Ke7 42. Kd2 Ke6 43. Ke3 Kf6 44. Be2 Ke7 45. Bf3 Kd6 46. Bh5 Ke7 47.
Bd1 Kf6 48. Bb3 Bc6 49. Kf3 Ke6 50. Bc2 Kf6 51. Bd3 b4 52. axb4 axb4 53. Ke3 Ba4
54. Kd2 Bb3 55. Bc2 Bc4 56. Bd3 Bb3 57. f3 Ke6 58. Ke3 Kf6 59. Kf2 Bc4 60. Bc2
Ke6 61. Ba4 Ke7 62. Bc6 Kd6 63. Be8 Ke7 64. Ba4 Ke6 65. Kg1 Ke7 66. Kh2 Ke6 67.
Kh3 Bf1 68. f4 g4+ 69. Kh4 Bxg2 70. Kg5 Be4 71. Kg6 Ke7 72. Bb5 Bc2 73. Ba6 Bb1
74. Bc8 1-0

[Event "CrunchLab Masters Div 3 L"]
[Site "chess.com INT"]
[Date "2024.07.21"]
[Round "4.1"]
[White "Paravyan, David"]
[Black "Santos Latasa, Jaime"]
[Result "1/2-1/2"]
[WhiteTitle "GM"]
[BlackTitle "GM"]
[WhiteElo "2608"]
[BlackElo "2631"]
[WhiteFideId "4194985"]
[BlackFideId "2293307"]
[EventDate "2024.07.19"]
[EventType "k.o."]

1. e4 e6 2. d4 d5 3. Nc3 Nf6 4. e5 Nfd7 5. f4 c5 6. Nf3 Nc6 7. Be3 cxd4 8. Nxd4
Qb6 9. h4 Bc5 10. Na4 Qa5+ 11. c3 Bxd4 12. Bxd4 Nxd4 13. b4 Nf3+ 14. gxf3 Qc7
15. h5 f6 16. Rg1 O-O 17. Bh3 fxe5 18. Bxe6+ Kh8 19. h6 g6 20. Qxd5 Nf6 21. Qc5
Qxc5 22. Nxc5 b6 23. Bxc8 bxc5 24. fxe5 Raxc8 25. exf6 cxb4 26. cxb4 Rxf6 27.
Ke2 Rc2+ 28. Kd3 Rh2 29. Rh1 Rxf3+ 30. Kc4 Rxh1 31. Rxh1 Ra3 32. Rd1 Kg8 33.
Rd8+ Kf7 34. Rd7+ Kf6 35. Rxh7 Rxa2 36. Rd7 Rh2 37. h7 a6 38. Kc5 Rh4 39. Ra7
Kf5 40. Rxa6 Rxh7 41. b5 g5 42. b6 g4 43. Ra7 Rh8 44. Rg7 Kf4 45. b7 Rb8 46. Kb6
Kf3 47. Kc7 Rxb7+ 48. Kxb7 g3 49. Rxg3+ Kxg3 1/2-1/2

[Event "CrunchLab Masters Div 3 L"]
[Site "chess.com INT"]
[Date "2024.07.21"]
[Round "4.1"]
[White "Sargsyan, Shant"]
[Black "Hakobyan, Aram"]
[Result "1-0"]
[WhiteTitle "GM"]
[BlackTitle "GM"]
[WhiteElo "2649"]
[BlackElo "2617"]
[WhiteFideId "13306766"]
[BlackFideId "13306677"]
[EventDate "2024.07.19"]
[EventType "k.o."]

1. d4 d5 2. c4 e6 3. Nc3 a6 4. cxd5 exd5 5. Nf3 Nf6 6. Bg5 Be6 7. Qb3 Ra7 8. e4
dxe4 9. d5 Bf5 10. Nh4 Bg6 11. O-O-O Be7 12. Bxf6 Bxf6 13. Nxg6 hxg6 14. Nxe4
O-O 15. h4 Nd7 16. g4 Re8 17. Bd3 a5 18. g5 a4 19. Qc2 Be5 20. h5 gxh5 21. Rxh5
g6 22. Rh4 a3 23. b3 Ra5 24. Rdh1 Bg7 25. Kb1 Rxe4 26. Rxe4 Qxg5 27. Re8+ Nf8
28. Rxf8+ Kxf8 29. Qxc7 Ra8 30. Qxb7 Rd8 31. Qb4+ Qe7 32. Qxe7+ Kxe7 33. Bc4 Kd6
34. Rh7 Rg8 35. Kc2 Kc5 36. Kd3 g5 37. f3 1-0

[Event "CrunchLab Masters Div 3 L"]
[Site "chess.com INT"]
[Date "2024.07.21"]
[Round "4.2"]
[White "Hakobyan, Aram"]
[Black "Sargsyan, Shant"]
[Result "1/2-1/2"]
[WhiteTitle "GM"]
[BlackTitle "GM"]
[WhiteElo "2617"]
[BlackElo "2649"]
[WhiteFideId "13306677"]
[BlackFideId "13306766"]
[EventDate "2024.07.19"]
[EventType "k.o."]

1. Nf3 d5 2. b3 Bf5 3. Bb2 e6 4. g3 Nf6 5. d3 h6 6. Nbd2 Be7 7. Bg2 O-O 8. O-O
Bh7 9. Qe1 c5 10. Ne5 a5 11. a4 Nfd7 12. Nxd7 Qxd7 13. e4 Nc6 14. exd5 exd5 15.
Nf3 Rfe8 16. Qd2 Qd6 17. Rae1 Bf6 18. Bc1 Bf5 19. Qd1 Qd7 20. Bd2 Rxe1 21. Rxe1
Re8 22. h4 Bg4 23. Qc1 b6 24. Nh2 Rxe1+ 25. Qxe1 Be6 26. Nf3 Bg4 27. Nh2 Be6 28.
Nf3 Bg4 29. Bf4 Qe6 30. Bc7 Bd8 31. Bxd8 Nxd8 32. Qxe6 Bxe6 33. Ne5 g5 34. f4
gxf4 35. gxf4 f5 36. Kf2 d4 37. Bc6 Nxc6 38. Nxc6 Kf7 39. Ne5+ Ke7 40. Ke1 Kd6
41. Kd2 Bd5 42. Kc1 h5 43. Kb2 Ke7 44. c3 dxc3+ 45. Kxc3 Kd6 46. Kb2 Ke6 47. Kc2
Ke7 48. Kc3 Kd6 49. Kc2 Ke7 50. Kb2 Ke6 51. Ka2 Kd6 52. Ka3 Ke7 53. Kb2 Ke6 1/2-1/2

[Event "CrunchLab Masters Div 3 L"]
[Site "chess.com INT"]
[Date "2024.07.21"]
[Round "4.2"]
[White "Meier, Georg"]
[Black "Bortnyk, Olexandr"]
[Result "0-1"]
[WhiteTitle "GM"]
[BlackTitle "GM"]
[WhiteElo "2591"]
[BlackElo "2608"]
[WhiteFideId "4675789"]
[BlackFideId "14120828"]
[EventDate "2024.07.19"]
[EventType "k.o."]

1. Nf3 Nf6 2. g3 b6 3. Bg2 Bb7 4. O-O g6 5. c4 Bg7 6. d4 O-O 7. d5 Na6 8. Nc3
Nc5 9. Qc2 e6 10. Rd1 exd5 11. cxd5 Re8 12. Bf4 a5 13. Rac1 d6 14. b3 Qd7 15. a3
a4 16. b4 Nb3 17. Rb1 Ba6 18. Bc1 Nxc1 19. Rbxc1 Bc4 20. Nd4 Ng4 21. e3 b5 22.
Bh3 f5 23. Bg2 Bh6 24. Ne6 Bb3 25. Qe2 Bxd1 26. Nxd1 Rac8 27. Nc3 Rb8 28. h3 Ne5
29. f4 Nf7 30. Nd4 Bg7 31. Ncxb5 Rb7 32. Kf2 h5 33. Nc6 Bf6 34. Nbd4 Nd8 35. Bf3
Rb6 36. Nxd8 Bxd8 37. g4 Bh4+ 38. Kg2 hxg4 39. hxg4 Bf6 40. Ne6 c5 41. g5 Bg7
42. bxc5 dxc5 43. Rxc5 Rb2 44. Rc2 Reb8 45. Kh3 Bh8 46. Rxb2 Rxb2 47. Qc4 Qh7+
48. Kg3 Qh2# 0-1

[Event "CrunchLab Masters Div 3 L"]
[Site "chess.com INT"]
[Date "2024.07.21"]
[Round "4.2"]
[White "Santos Latasa, Jaime"]
[Black "Paravyan, David"]
[Result "1-0"]
[WhiteTitle "GM"]
[BlackTitle "GM"]
[WhiteElo "2631"]
[BlackElo "2608"]
[WhiteFideId "2293307"]
[BlackFideId "4194985"]
[EventDate "2024.07.19"]
[EventType "k.o."]

1. e4 e5 2. Bc4 Nf6 3. d3 Bc5 4. Nf3 d6 5. c3 O-O 6. O-O Bb6 7. Re1 Re8 8. h3
Nbd7 9. Nbd2 Nf8 10. Bb3 Ng6 11. d4 h6 12. Bc2 Be6 13. Nf1 exd4 14. cxd4 d5 15.
e5 Ne4 16. Ng3 Nxg3 17. fxg3 c5 18. Be3 Rc8 19. Kh2 cxd4 20. Bxd4 Ne7 21. g4 Nc6
22. Bxb6 Qxb6 23. g5 hxg5 24. Nxg5 Nxe5 25. Bh7+ Kf8 26. Qa4 Qd6 27. Kh1 Rc4 28.
Qxa7 Rh4 29. Qf2 Ng4 30. Qg1 Qf4 31. Qc5+ Re7 32. Nxe6+ fxe6 33. Rf1 g5 34.
Rxf4+ gxf4 35. Rf1 Ne5 36. Qd4 Nf7 37. Bg6 1-0

[Event "CrunchLab Masters Div 3 L"]
[Site "chess.com INT"]
[Date "2024.07.21"]
[Round "5.1"]
[White "Bortnyk, Olexandr"]
[Black "Santos Latasa, Jaime"]
[Result "1/2-1/2"]
[WhiteTitle "GM"]
[BlackTitle "GM"]
[WhiteElo "2608"]
[BlackElo "2631"]
[WhiteFideId "14120828"]
[BlackFideId "2293307"]
[EventDate "2024.07.19"]
[EventType "k.o."]

1. d4 Nf6 2. Nc3 e6 3. e4 d5 4. Bg5 dxe4 5. Nxe4 Nbd7 6. Nf3 h6 7. Bxf6 Nxf6 8.
Bd3 Nxe4 9. Bxe4 c5 10. Qe2 Qa5+ 11. c3 cxd4 12. Nxd4 Qb6 13. O-O-O Bd7 14. Qf3
Be7 15. h4 Bf6 16. g4 O-O-O 17. Qg3 Ba4 18. Nc2 Rxd1+ 19. Rxd1 Rd8 20. Rxd8+
Qxd8 21. Qe3 Bxh4 22. b3 Bc6 23. Bxc6 bxc6 24. Qxa7 Bg5+ 25. Kb2 Qd1 26. Qa6+
Kc7 27. Qa5+ Kc8 28. Qa6+ Kc7 29. Qa5+ Kc8 30. Qa6+ 1/2-1/2

[Event "CrunchLab Masters Div 3 L"]
[Site "chess.com INT"]
[Date "2024.07.21"]
[Round "5.1"]
[White "Sargsyan, Shant"]
[Black "Sindarov, Javokhir"]
[Result "1/2-1/2"]
[WhiteTitle "GM"]
[BlackTitle "GM"]
[WhiteElo "2649"]
[BlackElo "2674"]
[WhiteFideId "13306766"]
[BlackFideId "14205483"]
[EventDate "2024.07.19"]
[EventType "k.o."]

1. d4 Nf6 2. c4 e6 3. Nf3 d5 4. g3 Be7 5. Bg2 O-O 6. O-O dxc4 7. Qc2 a6 8. a4
Nc6 9. Qxc4 Na5 10. Qc2 b6 11. Ne5 Bb7 12. Bxb7 Nxb7 13. Nc6 Qe8 14. Bg5 Bc5 15.
Bxf6 gxf6 16. Qe4 f5 17. Qf3 Bd6 18. Nd2 Kh8 19. Rac1 Nd8 20. e3 Rc8 21. Rc2 f6
22. Rfc1 Nf7 23. Nc4 Ng5 24. Qg2 Rg8 25. f4 Ne4 26. Nd2 Qg6 27. Nxe4 fxe4 28.
Qh3 Qf7 29. a5 b5 30. Rg2 Rce8 31. Kh1 Rg6 32. g4 Reg8 33. Rg3 Qg7 34. Qg2 Rxg4
35. Rxg4 Qxg4 36. Qxg4 Rxg4 37. Nd8 Bb4 38. Rxc7 Bxa5 39. Nf7+ Kg7 40. Ra7 Kg6
41. Nh8+ Kh6 42. Nf7+ Kg6 43. Nh8+ Kh6 44. Nf7+ Kg6 1/2-1/2

[Event "CrunchLab Masters Div 3 L"]
[Site "chess.com INT"]
[Date "2024.07.21"]
[Round "5.2"]
[White "Santos Latasa, Jaime"]
[Black "Bortnyk, Olexandr"]
[Result "1-0"]
[WhiteTitle "GM"]
[BlackTitle "GM"]
[WhiteElo "2631"]
[BlackElo "2608"]
[WhiteFideId "2293307"]
[BlackFideId "14120828"]
[EventDate "2024.07.19"]
[EventType "k.o."]

1. d4 Nf6 2. c4 b6 3. f3 Nc6 4. Nc3 Bb7 5. d5 Ne5 6. e4 Ng6 7. f4 e5 8. f5 Ne7
9. Nf3 Nc8 10. a3 a5 11. Bd3 Bc5 12. Rb1 Qe7 13. Bd2 Ng4 14. Qe2 a4 15. Bc2 Nd6
16. h3 Nf6 17. g4 c6 18. Kd1 b5 19. dxc6 dxc6 20. cxb5 cxb5 21. Bd3 O-O 22. Kc2
Rfc8 23. g5 Nfxe4 24. Bxe4 Nxe4 25. Nxe4 Be3+ 26. Nc3 Bxd2 27. Nxd2 b4 28. axb4
Qxb4 29. Rhc1 a3 30. Qe3 Qd4 31. Re1 axb2 32. Nb3 Qb4 33. Qxe5 g6 34. Rxb2 Bd5
35. Nd2 Qa4+ 36. Kc1 Qa1+ 37. Nb1 Ba2 38. Kc2 Bc4 39. Nd2 Qa6 40. Nde4 Bd3+ 41.
Kd2 Bxe4 42. Nxe4 Rd8+ 43. Ke3 Re8 44. Qd5 Qa3+ 45. Rb3 Qa2 46. Kf3 Kh8 47. Qd4+
Kg8 48. Nf6+ Kf8 49. Nxh7+ Kg8 50. Nf6+ Kf8 51. Qb4+ Kg7 52. Nxe8+ Rxe8 53. Rxe8 1-0

[Event "CrunchLab Masters Div 3 L"]
[Site "chess.com INT"]
[Date "2024.07.21"]
[Round "5.2"]
[White "Sindarov, Javokhir"]
[Black "Sargsyan, Shant"]
[Result "1/2-1/2"]
[WhiteTitle "GM"]
[BlackTitle "GM"]
[WhiteElo "2674"]
[BlackElo "2649"]
[WhiteFideId "14205483"]
[BlackFideId "13306766"]
[EventDate "2024.07.19"]
[EventType "k.o."]

1. e4 e5 2. Nf3 Nc6 3. Bc4 Bc5 4. a3 Nf6 5. d3 d6 6. h3 h6 7. Nc3 a6 8. Be3 Bxe3
9. fxe3 Be6 10. Qe2 b5 11. Bxe6 fxe6 12. g4 Nd7 13. Rg1 Qe7 14. d4 Rf8 15. O-O-O
Nb6 16. g5 O-O-O 17. d5 Na5 18. Nh4 Qd7 19. gxh6 gxh6 20. dxe6 Qxe6 21. Nf5 Rf7
22. Qh5 Rfd7 23. Nd5 Nxd5 24. exd5 Qf7 25. Qxf7 Rxf7 26. e4 Nc4 27. Rg3 Rdf8 28.
Rdd3 Rxf5 29. exf5 e4 30. Rd4 Rxf5 31. b3 e3 32. Rd1 e2 33. Re1 Nxa3 34. Rxe2
Rxd5 35. Kb2 b4 36. Rg4 a5 37. c3 Rh5 38. cxb4 axb4 39. Rxb4 Nb5 40. Re7 Kb7 41.
Ree4 Rd5 42. h4 Kb6 43. Rg4 1/2-1/2

[Event "CrunchLab Masters Div 3 L"]
[Site "chess.com INT"]
[Date "2024.07.21"]
[Round "5.3"]
[White "Sargsyan, Shant"]
[Black "Sindarov, Javokhir"]
[Result "1-0"]
[WhiteTitle "GM"]
[BlackTitle "GM"]
[WhiteElo "2649"]
[BlackElo "2674"]
[WhiteFideId "13306766"]
[BlackFideId "14205483"]
[EventDate "2024.07.19"]
[EventType "k.o."]

1. d4 Nf6 2. Nf3 g6 3. Nc3 d5 4. Bf4 Bg7 5. Nb5 Na6 6. e3 Nh5 7. Be5 f6 8. Bg3
O-O 9. c4 c6 10. Nc3 Nxg3 11. hxg3 Nc7 12. cxd5 Nxd5 13. Bc4 e6 14. Rc1 f5 15.
Qb3 Qe7 16. a3 Rb8 17. O-O Kh8 18. Rfe1 Nxc3 19. Qxc3 c5 20. Ba2 b6 21. b4 cxb4
22. Qxb4 Qxb4 23. axb4 a5 24. Ng5 axb4 25. Rc7 Bf6 26. Nxe6 Bxe6 27. Bxe6 Rfe8
28. Rc6 Be7 29. Rec1 b5 30. Bf7 Rf8 31. Bb3 Rb7 32. f4 Ra7 33. Kf2 Ra3 34. Rb1
Rd8 35. Kf3 Rda8 36. g4 fxg4+ 37. Kxg4 Rxb3 38. Rxb3 Ra3 39. Rb1 Rxe3 40. f5
Re4+ 41. Kf3 Rxd4 42. fxg6 Bd6 43. gxh7 Kxh7 44. Ke3 Rd5 45. Ke4 Rd2 46. Rb3 Bf8
47. g4 Re2+ 48. Kf3 Rd2 49. g5 Rd4 50. Re3 Rc4 51. Rf6 Bc5 52. Ree6 b3 53. Rf7+
Kg8 54. g6 Rc3+ 55. Ke2 1-0

[Event "CrunchLab Masters Div 3 L"]
[Site "chess.com INT"]
[Date "2024.07.22"]
[Round "6.1"]
[White "Anton Guijarro, David"]
[Black "Santos Latasa, Jaime"]
[Result "1/2-1/2"]
[WhiteTitle "GM"]
[BlackTitle "GM"]
[WhiteElo "2669"]
[BlackElo "2631"]
[WhiteFideId "2285525"]
[BlackFideId "2293307"]
[EventDate "2024.07.19"]
[EventType "k.o."]

1. d4 Nf6 2. Nf3 e6 3. g3 d5 4. Bg2 Be7 5. O-O O-O 6. b3 c5 7. Bb2 Nc6 8. e3
cxd4 9. Nxd4 Bd7 10. Nd2 Rc8 11. c4 a6 12. cxd5 Nxd5 13. Nc4 Bf6 14. Rc1 Nxd4
15. Bxd4 Bc6 16. Bxf6 Qxf6 17. e4 Ne7 18. e5 Qg6 19. Nd6 Rcd8 20. Qc2 Bxg2 21.
Kxg2 Rd7 22. Rfe1 Rfd8 23. Qe4 Qxe4+ 24. Nxe4 Nd5 25. a3 Kf8 26. h4 h6 27. h5
Ke7 28. Rc4 Rc7 29. Rec1 Rdd7 30. Nd6 b5 31. Rc6 f6 32. exf6+ gxf6 33. Ne4 f5
34. Rxc7 Rxc7 35. Rxc7+ Nxc7 36. Nc5 e5 37. f4 exf4 38. gxf4 Ne6 39. Nxa6 Nxf4+
40. Kf3 Ne6 41. a4 bxa4 42. bxa4 Kd6 43. Nb4 Kc5 44. Nc2 Ng7 45. Kf4 Kb6 46. Nd4
Ka5 47. Nxf5 Nxh5+ 48. Kf3 Kxa4 49. Nxh6 1/2-1/2

[Event "CrunchLab Masters Div 3 L"]
[Site "chess.com INT"]
[Date "2024.07.22"]
[Round "6.1"]
[White "Sargsyan, Shant"]
[Black "Dubov, Daniil"]
[Result "1-0"]
[WhiteTitle "GM"]
[BlackTitle "GM"]
[WhiteElo "2649"]
[BlackElo "2701"]
[WhiteFideId "13306766"]
[BlackFideId "24126055"]
[EventDate "2024.07.19"]
[EventType "k.o."]

1. d4 c5 2. d5 e5 3. e4 d6 4. Ne2 Be7 5. Nec3 a6 6. a4 b6 7. Na3 Nd7 8. Nc4 Ngf6
9. Be2 O-O 10. O-O Ne8 11. Bg4 Bf6 12. Kh1 g6 13. f4 Bg7 14. Be3 exf4 15. Bxf4
Ne5 16. Bxe5 Bxe5 17. Bxc8 Rxc8 18. Nxe5 dxe5 19. Qd3 c4 20. Qg3 f6 21. Nd1 Nd6
22. Nf2 Rc7 23. Qe3 Rg7 24. Rae1 Kh8 25. Ng4 h5 26. Nf2 Rh7 27. b3 Rff7 28. Nd1
Qc7 29. Nb2 h4 30. Nxc4 Nxc4 31. bxc4 h3 32. gxh3 Qxc4 33. Rf2 Rh4 34. d6 Qxa4
35. Qxb6 Rxe4 36. Rd1 Kh7 37. Kg1 Rg4+ 38. Kf1 Qc4+ 39. Rd3 Rd4 40. Ke1 Rxd3 41.
cxd3 Qxd3 42. Rd2 Qe4+ 43. Kd1 Qf3+ 44. Kc2 Rd7 45. Qxa6 Qxh3 46. Qc6 Qe6 47. h4
Kg7 48. Qc8 Kf7 49. Kb2 e4 50. h5 gxh5 51. Rg2 Qe5+ 52. Kc2 Ke6 53. Qe8+ Kd5 54.
Qxd7 e3 55. Qb7+ Kc5 56. Qc7+ Kd5 57. Qb7+ Kc5 58. d7 Qf5+ 59. Kb2 Qe5+ 60. Kb1
Qf5+ 61. Rc2+ 1-0

[Event "CrunchLab Masters Div 3 L"]
[Site "chess.com INT"]
[Date "2024.07.22"]
[Round "6.2"]
[White "Dubov, Daniil"]
[Black "Sargsyan, Shant"]
[Result "0-1"]
[WhiteTitle "GM"]
[BlackTitle "GM"]
[WhiteElo "2701"]
[BlackElo "2649"]
[WhiteFideId "24126055"]
[BlackFideId "13306766"]
[EventDate "2024.07.19"]
[EventType "k.o."]

1. e4 e5 2. Bb5 Nf6 3. d3 Bc5 4. Nf3 c6 5. Ba4 d6 6. O-O O-O 7. c3 Re8 8. Re1 h6
9. Nbd2 Nbd7 10. Nf1 Nf8 11. Ng3 Ng6 12. d4 exd4 13. cxd4 Bb4 14. Bd2 Qa5 15.
Bb3 Bxd2 16. Nxd2 Be6 17. Qc2 Nf4 18. Re3 Bxb3 19. Rxb3 Qa4 20. Nc4 Rad8 21. e5
dxe5 22. dxe5 Nd7 23. Nf5 Ng6 24. Nfd6 Ndxe5 25. Nxe8 Nxc4 26. Re1 Nce5 27. Nxg7
Qa5 28. Rf1 Kxg7 29. Rxb7 Qd5 30. Rxa7 Nf4 0-1

[Event "CrunchLab Masters Div 3 L"]
[Site "chess.com INT"]
[Date "2024.07.22"]
[Round "6.2"]
[White "Santos Latasa, Jaime"]
[Black "Anton Guijarro, David"]
[Result "1/2-1/2"]
[WhiteTitle "GM"]
[BlackTitle "GM"]
[WhiteElo "2631"]
[BlackElo "2669"]
[WhiteFideId "2293307"]
[BlackFideId "2285525"]
[EventDate "2024.07.19"]
[EventType "k.o."]

1. e4 e5 2. Nf3 Nc6 3. Bc4 Nf6 4. d3 Be7 5. O-O O-O 6. Nc3 d6 7. a4 a5 8. Re1 h6
9. h3 Re8 10. d4 Bf8 11. dxe5 Nxe5 12. Bf1 Ng6 13. b3 Bd7 14. Nd4 c6 15. Bb2 Qb6
16. Qd2 Rad8 17. Rad1 Bc8 18. Nf3 Ne5 19. Qe3 Qxe3 20. Rxe3 Nxf3+ 21. gxf3 Nh5
22. Ne2 f5 23. Nd4 fxe4 24. fxe4 Nf6 25. Bg2 d5 26. exd5 Rxe3 27. fxe3 Nxd5 28.
Nxc6 bxc6 29. c4 Bc5 30. cxd5 Bxe3+ 31. Kh1 cxd5 32. Rxd5 Rxd5 33. Bxd5+ Kh7 34.
Bc3 Bb6 35. Kg2 g5 1/2-1/2

[Event "CrunchLab Masters Div 3 L"]
[Site "chess.com INT"]
[Date "2024.07.22"]
[Round "6.3"]
[White "Santos Latasa, Jaime"]
[Black "Anton Guijarro, David"]
[Result "1-0"]
[WhiteTitle "GM"]
[BlackTitle "GM"]
[WhiteElo "2631"]
[BlackElo "2669"]
[WhiteFideId "2293307"]
[BlackFideId "2285525"]
[EventDate "2024.07.19"]
[EventType "k.o."]

1. e4 e5 2. Nf3 Nc6 3. Bb5 Nf6 4. d3 Bc5 5. Nbd2 d6 6. c3 O-O 7. h3 Bb6 8. Ba4
Ne7 9. O-O c6 10. Re1 Ng6 11. Bc2 Re8 12. d4 Bc7 13. a4 h6 14. b4 Nh5 15. Nf1
Nhf4 16. Ng3 a5 17. b5 cxb5 18. axb5 Bd7 19. Rb1 exd4 20. cxd4 d5 21. e5 Rc8 22.
Bxf4 Nxf4 23. Qd2 Ng6 24. Nh5 Bb6 25. Bd3 a4 26. Red1 a3 27. Ra1 Ra8 28. Qa2 Be6
29. Qb3 Nh4 30. Be2 Nxf3+ 31. Bxf3 Qe7 32. Nf4 Red8 33. Rd3 Qd7 34. Rxa3 Rxa3
35. Qxa3 Qxb5 36. Rb3 Qc6 37. Qb2 Ba7 38. Be2 Rc8 39. Nxe6 fxe6 40. Bg4 Qc1+ 41.
Qxc1 Rxc1+ 42. Kh2 Rc6 43. Rb4 Kf8 44. f4 b5 45. Be2 g5 46. Kg3 Rc2 47. Bxb5 Rd2
48. fxg5 Rxd4 49. Rxd4 Bxd4 50. gxh6 Bxe5+ 51. Kg4 Kf7 52. Kg5 Bf6+ 53. Kh5 e5
54. g4 e4 55. g5 Be5 56. Bc6 e3 57. Bxd5+ Kf8 58. Bc4 Bf4 59. Kg6 Ke7 60. h4 Bg3
61. Kh7 1-0

[Event "CrunchLab Masters Div 3 L"]
[Site "chess.com INT"]
[Date "2024.07.22"]
[Round "7.1"]
[White "Sargsyan, Shant"]
[Black "Santos Latasa, Jaime"]
[Result "1/2-1/2"]
[WhiteTitle "GM"]
[BlackTitle "GM"]
[WhiteElo "2649"]
[BlackElo "2631"]
[WhiteFideId "13306766"]
[BlackFideId "2293307"]
[EventDate "2024.07.19"]
[EventType "k.o."]

1. d4 Nf6 2. Nf3 e6 3. g3 d5 4. Bg2 Be7 5. O-O O-O 6. c4 c6 7. Qc2 b6 8. Bf4
Nbd7 9. Nbd2 Nh5 10. e3 Bb7 11. cxd5 cxd5 12. Bc7 Qe8 13. Rfc1 Rc8 14. Qa4 a6
15. Bf1 Nhf6 16. Qb3 b5 17. Ba5 Rxc1 18. Rxc1 Qb8 19. a4 bxa4 20. Qxa4 Rc8 21.
Rxc8+ Qxc8 22. Bb4 Bc6 23. Qa3 Bxb4 24. Qxb4 Bb5 25. Bxb5 Qb8 26. Nb1 Qxb5 27.
Qxb5 axb5 28. b3 Ne8 29. Nc3 Nd6 30. Kf1 Nb8 31. Ne5 Kf8 32. Ke2 Ke8 33. Na2 f6
34. Nd3 Nc6 35. Nab4 Nxb4 36. Nxb4 Nb7 37. Kd3 Kd7 38. Kc3 Nd8 39. f3 Kd6 40.
Kd3 Nb7 41. Kc3 Nd8 42. Nc2 Nc6 43. Nb4 Nd8 1/2-1/2